AMERICAN LITERATURE (Record no. 22025)

MARC details
000 -LEADER
fixed length control field 00335nam a22001457a 4500
003 - CONTROL NUMBER IDENTIFIER
control field SGT
020 ## - INTERNATIONAL STANDARD BOOK NUMBER
International Standard Book Number 9788125062349
082 ## - DEWEY DECIMAL CLASSIFICATION NUMBER
Classification number 810.9,DUT
100 ## - MAIN ENTRY--PERSONAL NAME
Personal name DUTTA, NANDANA
245 ## - TITLE STATEMENT
Title AMERICAN LITERATURE
260 ## - PUBLICATION, DISTRIBUTION, ETC. (IMPRINT)
Place of publication, distribution, etc INDIA
Name of publisher, distributor, etc ORIENT BLACK SWAN
Year of Publication 2020
300 ## - PAGE DESCRIPTION
No. of Pages 452
650 ## - SUBJECT ADDED ENTRY--TOPICAL TERM
Topical term or geographic name as entry element American literature in English
942 ## - ADDED ENTRY ELEMENTS (KOHA)
Source of classification or shelving scheme Dewey Decimal Classification
Koha item type Books
Holdings
Withdrawn status Lost status Source of classification or shelving scheme Damaged status Use restrictions Not for loan Collection code Home library Current library Shelving location Date acquired Vendor Name Cost, normal purchase price SGTU Bill Number Full call number Accession No. (Barcode) Date last seen Bill Date Koha item type Total Checkouts
    Dewey Decimal Classification   Restricted Access Not For Loan ENGINEERING SGT Engineering Library SGT Engineering Library Reference Book 25/11/2021 SBD SUBSCIRIPTION SERVICES 450.00 SGTU SBDHO/2021/CRB/510 810.9,DUT FE8326 25/11/2021 15/09/2021 Books  
    Dewey Decimal Classification       ENGINEERING SGT Engineering Library SGT Engineering Library Text Book 25/11/2021 SBD SUBSCIRIPTION SERVICES 450.00 SGTU SBDHO/2021/CRB/510 810.9,DUT FE8327 25/11/2021 15/09/2021 Books